Le Mali au quotidien : la force des faibles /

Saved in:
Bibliographic Details
Main Author: Verger, Chantal.
Format: Book
Language:French
Published: Paris : Harmattan, c1997.
Subjects:
Tags: Add Tag
No Tags, Be the first to tag this record!
LEADER 00806nam a2200277 a 4500
001 007736643-3
005 20020606104010.5
008 971114s1997 fr b 000 0 fre
010 |a  97215647  
020 |a 2738457053 
035 0 |a ocm38521320 
040 |a DLC  |c DLC 
043 |a f-ml--- 
050 0 0 |a DT551.4  |b .V47 1997 
072 7 |a DT  |2 lcco 
082 0 0 |a 966.2305/2  |2 21 
100 1 |a Verger, Chantal. 
245 1 3 |a Le Mali au quotidien :  |b la force des faibles /  |c Chantal Verger. 
260 |a Paris :  |b Harmattan,  |c c1997. 
300 |a 237 p. ;  |c 22 cm. 
504 |a Includes bibliographical references (p. 229-234). 
650 0 |a Poverty  |z Mali. 
651 0 |a Mali  |x Social life and customs  |y 20th century. 
651 0 |a Mali  |x Economic conditions  |y 20th century. 
988 |a 20020608 
906 |0 DLC